| 000 | 00365nam a2200145Ia 4500 | ||
|---|---|---|---|
| 008 | 150201s1995 xx 000 0 und d | ||
| 082 |
_a617.962 _bE1995P |
||
| 100 | _aPAUL,ARUN KUMAR | ||
| 245 | _aESSENTIALS OF ANAESTHESIOLOGY | ||
| 250 | _a1ST | ||
| 260 |
_bACADEMIC PUBLISHERS _aDELHI _c1995 |
||
| 300 | _a1-335 | ||
| 650 | _aGENERAL DENTISTRY | ||
| 942 |
_2ddc _cBK |
||
| 999 |
_c3295 _d3295 |
||